000 01102cam a22002054a 4500
005 20250605164019.0
008 250528s ||||||||||||||||||||||||d
035 _a16266
020 _a70189846
040 _aGR-AtMCL
_bgre
_dGR-AtMCL
_eAACR2
245 1 _aSchaum's Outline of Theory and Problems of Electric Circuits / Including 391 Solved Problems: Second Eition
250 _a2nd
260 _bMcgraw Hill Book Company,
_c1983
300 _a298
520 _aIntroduction, Circuit Concepts, DC Resistive Circuits, DC Mesh and Node Analysis, Circuit Transients, Sinusoidal Circuit Analysis, Sinusoidal Steady State in the Frequency Domain, Networks Analysis in the Frequency Domain, Power and Power Factor, Polyphase Circuits, Frequency Response and Resonance, Fourier Method of Waveform Analysis, Complex Frequency, The Laplace Transform Method, State Variable Analysis, Coupled Circuits and Transformers, Average and Effective Values, Complex Number System, Matrices and Determinants, Index.
700 1 _aEdminister Joseph A
_92348
942 _cBK
999 _c1784
_d1784